Piedras de fuego : (Record no. 171190)

MARC details
000 -CABECERA
campo de control de longitud fija 00745nam a2200229 u 4500
005 - FECHA Y HORA DE LA ÚLTIMA TRANSACCIÓN
campo de control 20231128063611.0
008 - ELEMENTOS DE LONGITUD FIJA--INFORMACIÓN GENERAL
campo de control de longitud fija 140825s2003 r 000 0 eng d
020 ## - NÚMERO INTERNACIONAL NORMALIZADO PARA LIBROS
Número Internacional Estándar del Libro 9568209077
035 ## - NÚMERO DE CONTROL DEL SISTEMA
Número de control de sistema UPN01000199089
049 ## - COLECCIÓN
Colección I
050 #4 - SIGNATURA TOPOGRÁFICA DE LA BIBLIOTECA DEL CONGRESO
Número de clasificación PZ74.1
Número de documento/Ítem P3.5
100 1# - ASIENTO PRINCIPAL--NOMBRE PERSONAL
Nombre de persona Pavez, Ana María
9 (RLIN) 36381
245 10 - MENCIÓN DE TÍTULO
Título Piedras de fuego :
Resto del título cuento basado en una leyenda mapuche /
Mención de responsabilidad, etc. Ana María Pavez, Constanza Recart ; il. Raquel Echenique.
260 ## - PUBLICACIÓN, DISTRIBUCIÓN, ETC.
Lugar de publicación, distribución, etc. Santiago de Chile. :
Nombre del editor, distribuidor, etc. Amanuta,
Fecha de publicación, distribución, etc. 2003.
300 ## - DESCRIPCIÓN FÍSICA
Extensión [27] p. :
Otras características físicas il. col
440 #0 - MENCIÓN DE SERIE/ASIENTO SECUNDARIO--TÍTULO
Título Milsur
650 #4 - ASIENTO SECUNDARIO DE MATERIA - TERMINO TEMATICO
Término de materia o nombre geográfico como elemento de entrada LEYENDAS -
Subdivisión de forma LITERATURA INFANTIL
9 (RLIN) 19858
650 #4 - ASIENTO SECUNDARIO DE MATERIA - TERMINO TEMATICO
Término de materia o nombre geográfico como elemento de entrada Indígenas de América del Sur
Subdivisión general Leyendas
9 (RLIN) 23155
700 1# - ASIENTO SECUNDARIO--NOMBRE DE PERSONAL
Nombre de persona Recart, Constanza,
Término indicativo de función/relación coaut.
905 ## - TIPO DE MATERIAL
Tipo de material Infantil
Holdings
Estado de retiro Estado de pérdida Fuente del sistema de clasificación o colocación Estado dañado No para préstamo Código de colección Localización permanente Ubicación/localización actual Ubicación en estantería Fecha de adquisición Clasificación Código de barras Fecha visto por última vez Número de copia Tipo de ítem Koha
    Library of Congress Classification     Infantil Bib. Gregorio Torres Quintero Bib. Gregorio Torres Quintero Sala infantil Planta baja 10/05/2023 PZ74.1 P3.5 298114 31/12/2020 1 Libro